00931 2200313 4500001002100000005001500021035002000036007000300056008004100059020002200100040002200122082001400144084001600158090002000174090002200194100003100216245007300247250003200320300005100352650002100403850001200424504003100436264003200467336002100499337003000520338002300550999002200573990002200595INLIS00000000085929020210428103329 a0010-0421001195ta210428s2020 yoia gr ind d a978-623-02-0758-7 aYOPDYOGbinderda04223a641.9 a641.9 NIM m aDEP 641.9 NIM m aCB-D.11 2020-12770 aNi Made Citarianiepenulis10aMenjadi orang tua hebat di era digital /cpenulis, Ni Made Citariani aCetakan pertama: Maret 2020 aviii, 59 halaman :bilustrasi, gambar ;c20 cm 4aAnak, Pengasuhan aYOPDYOG aBibliolografi : halaman 5931aSleman :bDeepublish,c2020 2rdacontentateks 2rdamediaatanpa perantara 2rdacarrieravolume aCB-D.11/2020-1277 aCB-D.11/2020-1277